000 01618nam a22002657a 4500
003 NALT
005 20260211110839.0
008 s2555 th tha d
020 _a9786167154138
040 _aNALT
041 _atha
050 _aDS 521
_b อ617 2555
245 0 0 _aอาเซียนภาควัฒนธรรม :
_bทัศนะต่อประชาคมในกระแสความขัดแย้งและความหวัง /
_cฆัสรา ขมะวรรณ มุกดาวิจิตร, ภิญโญ ไตรสุริยธรรมา, บรรณาธิการ.
250 _aพิมพ์ครั้งที่ 2.
260 _aกรุงเทพฯ
_bศูนย์มานุษยวิทยาสิรินธร (องค์การมหาชน),
_c2555.
300 _a 216 หน้า :
_bภาพประกอบ ;
_c21 ซม.
651 4 _925891
_aเอเชียตะวันออกเฉียงใต้
_xแง่สังคม
_xสัมภาษณ์
651 4 _aเอเชียตะวันออกเฉียงใต้
_xความเป็นอยู่และประเพณี
_927425
651 4 _924450
_aเอเชียตะวันออกเฉียงใต้
_xอารยธรรม
700 0 _aภิญโญ ไตรสุริยธรรมา
_922989
700 0 _aฆัสรา ขมะวรรณ มุกดาวิจิตร
_923163
850 _aNALT
942 _cGB
_2lcc
996 _asaiphon.d
_bCATSTF
_c2026-02-11
999 _c74721
_d74721
998 _j104
_k นางสาวสายฝน ดีงาม